1602 1021 1622 1418 1086 1849 1656 1282 1784 1788 1739 1153 1194 1709 1089 1836 1766 1114 1124 1816 1104 1996 1228 1913 1206 1326 1509 1966 1218 1288 1300 1000 1982 1453 1647 1317 1933 1511 1590 1173 1124 1741 1979 1336 1380 1505 1750 1746 1620 1838 1468 1018 1466 1562 1954 1853 1233 1711 1299 1408 1672 1361 1418 1152 1306 1305 1144 1175 1854 1667 1471 1886 1112 1916 1644 1092 1237 1738 1560 1693 1881 1641 1322 1635 1552 1985 1821 1728 1467 1345 1968 1428 1891 1860 1056 1316 1552 1962 1772 BCNSPRNW ULIB Ver.6.0+V

เปลี่ยนเป็นภาษาไทย

Change to English
 แสดงรายละเอียดบรรณานุกรม
  กลับหน้าหลัก

Brief Record : Get Marc (ISO 2709) : E-mail record : QR code < ปิดหน้าต่าง
LEADER : 00000nam 2200000uu 4500
001    13399112711
003     ULIB
008    110905s2544||||th 000 0 tha d
050 04 LB1JT3^bน266ร 2544
110 1  มหาวิทยาลัยนเรศวร
245 00 รายงานประจำปี มหาวิทยาลัยนเรศวร 2544 /^cมหาวิทยาลัยนเรศวร
260    พิษณุโลก :^bมหาวิทยาลัยนเรศวร,^c2544
300    103 หน้า:^bภาพประกอบสี
650  7 รายงานประจำปี
650  7 มหาวิทยาลัยนเรศวร
945    ^p0^l0^i014545
995    ทศพร
999 ^a ทศพร
รายการนี้ยังไม่มีแท็ก
คุณยังไม่ได้ล็อกอิน คุณสามารถมีกิจกรรมร่วมกับเว็บไซต์ได้ แต่ต้องล็อกอินก่อน ::
  ล็อกอิน

รายการสื่อสารสนเทศ

ลำดับที่ ประเภท เลขเรียก/บาร์โค้ด สถานที่ สถานะ
- ไม่พบข้อมูล -

รายการใกล้เคียง
    หัวเรื่อง [รายงานประจำปี]
    หัวเรื่อง [มหาวิทยาลัยนเรศวร]

BibComment


ยังไม่เคยถูกคอมเมนท์

คอมเมนท์ทรัพยากรรายการนี้
  คอมเมนท์: รายงานประจำปี มหา..


 Copyright 2026. Bcnsprnw @Library